Il legame del piacere /

Saved in:
Bibliografiske detaljer
Main Authors: Masters, William H. (Author), Johnson, Virginia E. (Author)
Andre forfattere: Levin, Robert J.
Format: Bog
Sprog:italiensk
Udgivet: Milano : Feltrinelli, 1975
Serier:Problemi di sessuologia
Fag:
Tags: Tilføj Tag
Ingen Tags, Vær først til at tagge denne postø!

MARC

LEADER 00000nam a22000007i 4500
001 IT\ICCU\SBL\0022365
003 ItRI
005 20260115232359.0
008 910930s1975 it |||||| ||||| |||||c
015 |2 IT  |a 7711439 
040 |b ita  |c importazione bologna sebina 
041 7 |a ita  |2 ISO-639-2 
082 |a 301.41  |9 SESSO  |2 18 
100 1 |a Masters, William H.  |0 IT\ICCU\CFIV\073716  |4 aut 
240 1 4 |a The pleasure bond : a new look at sexuality and commitment  |3 IT\ICCU\LO1\0062775  |9 Masters, William H. 
245 1 3 |a Il legame del piacere /  |c William H. Masters e Virginia E. Johnson, con la collaborazione di Robert J. Levin. 
260 |a Milano :  |b Feltrinelli,  |c 1975 
300 |a 252 p. ;  |c 23 cm 
500 |a Trad. di Olga Sandeman. 
650 7 |a Sesso 
700 1 |a Johnson, Virginia E.  |0 IT\ICCU\CFIV\073717  |4 aut 
700 1 |a Levin, Robert J.  |0 IT\ICCU\LO1V\034134 
830 0 |a Problemi di sessuologia  |0 IT\ICCU\CFI\0033406 
942 |2 ddc  |c BK  |n 0 
952 |0 0  |1 0  |4 0  |6 DOC_155_300000000000000_MAS  |7 0  |9 25136  |a BO  |b BO  |d 2026-01-15  |i 171  |l 0  |o DOC 155.3 MAS  |p BO171  |r 2026-01-15 23:23:59  |w 2026-01-15  |x [Sebina 5] [1 v.]  |y BK  |z 1 v. 
999 |c 21360  |d 21360